Monumentos de Palma / (Record no. 142860)

MARC details
000 -LEADER
campo de control de longitud fija 00651nam a2200193 i 4500
001 - NÚMERO DE CONTROL
campo de control 142860
003 - IDENTIFICADOR DE NÚMERO DE CONTROL
campo de control ES-MaACL
005 - FECHA Y HORA DE LA ÚLTIMA TRANSACCIÓN
campo de control 20230906200637.0
007 - CAMPO FIJO DE DESCRIPCIÓN FÍSICA--INFORMACIÓN GENERAL
campo de control de longitud fija t|
008 - DATOS DE LONGITUD FIJA--INFORMACIÓN GENERAL
campo de control de longitud fija 071010s1962 sp ||||1| spa d
080 ## - NÚMERO DE LA CLASIFICACIÓN DECIMAL UNIVERSAL
Número de la Clasificación Decimal Universal 72(467.51 P.)
100 1# - ENTRADA PRINCIPAL--NOMBRE DE PERSONA
Nombre de persona Vidal Isern, José.
9 (RLIN) 114494
245 10 - MENCIÓN DEL TÍTULO
Título Monumentos de Palma /
Mención de responsabilidad, etc. José Vidal Isern ; fotos Jerónimo Juan Tous, Truyol, archivo "Semana Santa en Mallorca" y otros.
260 ## - PUBLICACIÓN, DISTRIBUCIÓN, ETC.
Lugar de publicación, distribución, etc. Palma de Mallorca :
Nombre del editor, distribuidor, etc. [s.n.],
Fecha de publicación, distribución, etc. 1962 (
Fabricante Imp. Alfa)
300 ## - DESCRIPCIÓN FÍSICA
Extensión 32 p. :
Otras características físicas il. ;
Dimensiones 22 cm.
650 14 - PUNTO DE ACCESO ADICIONAL DE MATERIA--TÉRMINO DE MATERIA
Término de materia o nombre geográfico como elemento de entrada Monumentos-
Subdivisión geográfica Palma de Mallorca.
9 (RLIN) 15183
700 1# - ENTRADA AGREGADA--NOMBRE PERSONAL
Nombre de persona Juan Tous, Jerónimo.
9 (RLIN) 67134
852 ## - LOCALIZACIÓN
Ubicación ES-MaACL
Número de control de estantería 2029-F-23
Holdings
Estatus retirado Estado de pérdida Estado de daño No para préstamo Colección Biblioteca de origen Biblioteca actual Ubicación en estantería Fecha de adquisición Fuente de adquisición Total de préstamos Signatura topográfica completa Código de barras Visto por última vez Precio de reemplazo Tipo de ítem Koha
        Colección de folletos Biblioteca del Ateneo de Madrid Biblioteca del Ateneo de Madrid Depósito folletos 17/01/2008     2029-F-23 1148642 23/02/2023 23/02/2023 Folleto